000 00292 a2200145 4500
001 170642
020 _a
040 _cMagnum
100 _aVilarrubias, Pia
240 1 0 _a! Otra vez !
_lESP
245 1 0 _a! Otra vez !
362 0 _a1899
697 _aLITERATURA ESTRANGEIRA
942 _cBK
999 _c170642
_d170642